ՀՀ Գիտությունների ազգային ակադեմիայի հիմնարար գիտական գրադարան  =   Fundamental Scientific Library of NAS RA

Библиографический указатель на тему "Каталитический крекинг" : (Record no. 504481)

MARC details
000 -LEADER
fixed length control field 01269nam a2200229 a 4500
001 - CONTROL NUMBER
control field 001011683
003 - CONTROL NUMBER IDENTIFIER
control field AM-YeHGA
005 - DATE AND TIME OF LATEST TRANSACTION
control field 20250617163307.0
008 - FIXED-LENGTH DATA ELEMENTS--GENERAL INFORMATION
fixed length control field 140407s1948 ru r 000 0 rus d
040 ## - CATALOGING SOURCE
Original cataloging agency AM-YeHGA
041 0# - LANGUAGE CODE
Language code of text/sound track or separate title rus
090 ## - LOCALLY ASSIGNED LC-TYPE CALL NUMBER (OCLC); LOCAL CALL NUMBER (RLIN)
-- 507899
100 1# - MAIN ENTRY--PERSONAL NAME
Personal name Файман, А.Г.
Relator term сост.
Relationship com
245 10 - TITLE STATEMENT
Title Библиографический указатель на тему "Каталитический крекинг" :
Remainder of title Русская и иностранная книжная и журнальная литература ... гг. /
Statement of responsibility, etc. Сост. А.Г. Файман; Под ред. Н.Ф. Седых; ЦНТБ нефт. промышл. СССР.
260 ## - PUBLICATION, DISTRIBUTION, ETC.
Place of publication, distribution, etc. М. ;
-- Л. :
Name of publisher, distributor, etc. Гостоптехиздат,
Date of publication, distribution, etc. 1948.
300 ## - PHYSICAL DESCRIPTION
Extent Год ;
Dimensions 21 см.
505 10 - FORMATTED CONTENTS NOTE
Miscellaneous information 1938-1946 (1948, 72 с.) :
Title Русская и иностранная книжная и журнальная литература 1938-1946 гг. (январь-июнь)
650 14 - SUBJECT ADDED ENTRY--TOPICAL TERM
Topical term or geographic name entry element Отраслевые библиографии
653 0# - INDEX TERM--UNCONTROLLED
Uncontrolled term Каталитический крекинг
700 1# - ADDED ENTRY--PERSONAL NAME
Personal name Седых, Н.Ф.
Relator term ред.
Relationship edt
710 2# - ADDED ENTRY--CORPORATE NAME
Corporate name or jurisdiction name as entry element Центральная научно-техническая библиотека нефтяной промышленности СССР
Holdings
Withdrawn status Lost status Damaged status Not for loan Collection Home library Current library Date acquired Total checkouts Full call number Barcode Date last seen Price effective from Koha item type Public note
        General Fundamental Scientific Library Fundamental Scientific Library 27/12/2019   РД II/65813 FL0615177 27/12/2019 27/12/2019 Գրքեր / Books 30 Days Loan


ՀՀ ԳԱԱ հիմնարար գիտական գրադարան
ՀՀ,Երևան 0019
Մարշալ Բաղրամյան 24/6
հեռախոս:(374-10) 52-47-50
Հետադարձ կապ

All site content, except where otherwise noted, is licensed under a
Creative Commons License